Historia de los amores secretos de Napoleón Bonaparte (Record no. 153555)

MARC details
000 -LEADER
campo de control de longitud fija 00866nam a2200205 i 4500
001 - NÚMERO DE CONTROL
campo de control 153555
003 - IDENTIFICADOR DE NÚMERO DE CONTROL
campo de control ES-MaACL
005 - FECHA Y HORA DE LA ÚLTIMA TRANSACCIÓN
campo de control 20230906205300.0
008 - DATOS DE LONGITUD FIJA--INFORMACIÓN GENERAL
campo de control de longitud fija 930514s1837 sp |||| |bspa d
040 ## - FUENTE DE CATALOGACIÓN
Centro catalogador/agencia de origen CAT
Lengua de catalogación spa
Centro/agencia transcriptor CAT
Centro/agencia modificador CCPB
100 1# - ENTRADA PRINCIPAL--NOMBRE DE PERSONA
Nombre de persona Doris, Charles.
9 (RLIN) 126831
245 10 - MENCIÓN DEL TÍTULO
Título Historia de los amores secretos de Napoleón Bonaparte
Resto del título : comprobada con las memorias más auténticas de su servidumbre /
Mención de responsabilidad, etc. por un Ayuda de cámara ; traducción española.
260 ## - PUBLICACIÓN, DISTRIBUCIÓN, ETC.
Lugar de publicación, distribución, etc. Almería :
Nombre del editor, distribuidor, etc. [s.n.],
Fecha de publicación, distribución, etc. 1837 (
Fabricante Imp. de Ortiz)
300 ## - DESCRIPCIÓN FÍSICA
Extensión 194 p. ;
Dimensiones 16 cm.
530 ## - NOTA DISPONIBLE DE FORMULARIO FÍSICO ADICIONAL
Nota de formato físico adicional disponible Disponible en formato digital.
594 ## - Nota al título y mención de responsabilidad
Nota al título y mención de responsabilidad BN-OPALE atribuye la obra a Charles Doris.
600 04 - PUNTO DE ACCESO ADICIONAL DE MATERIA--NOMBRE DE PERSONA
Nombre de persona Napoleón
Numeración I
Títulos y otros términos asociados al nombre , Emperador de Francia.
9 (RLIN) 84910
852 ## - LOCALIZACIÓN
Ubicación ES-MaACL
Número de control de estantería R-3194
Encuadernación Olim:D-3858
Nota libre - Rust.
856 ## - LOCALIZACIÓN Y ACCESO ELECTRÓNICOS
Identificador Uniforme de Recursos <a href="http://cataleg.bnc.cat/record=b1248048~S13*spi ">http://cataleg.bnc.cat/record=b1248048~S13*spi </a>
Nota pública Biblioteca de Cataluña
Holdings
Estatus retirado Estado de pérdida Estado de daño No para préstamo Colección Biblioteca de origen Biblioteca actual Ubicación en estantería Fecha de adquisición Total de préstamos Signatura topográfica completa Código de barras Visto por última vez Precio de reemplazo Tipo de ítem Koha
        Colección digital Biblioteca del Ateneo de Madrid Biblioteca del Ateneo de Madrid Depósito 17/01/2008   R-3194 1160521 23/02/2023 23/02/2023 Libro impreso antiguo